Phụ nữ nông thôn trong phat triển kinh tế cộng đồng /

Zapisane w:
Opis bibliograficzny
1. autor: Trần Thị Xuân Lan. TS
Format: Artykuł
Język:Vietnamese
Hasła przedmiotowe:
Etykiety: Dodaj etykietę
Nie ma etykietki, Dołącz pierwszą etykiete!
Thư viện lưu trữ: Thư viện Trường Đại học Đà Lạt
LEADER 00798nam a2200277 4500
001 DLU140163618
005 ##20140903
040 # # |a DLU  |b vie 
041 # # |a vie 
044 # # |a vn 
100 # # |a Trần Thị Xuân Lan.   |c TS 
245 # # |a Phụ nữ nông thôn trong phat triển kinh tế cộng đồng /  |c Trần Thị Xuân Lan. 
653 # # |a Huy động 
653 # # |a Nông thôn 
653 # # |a Phụ nữ 
653 # # |s ản xuất 
773 # # |t Tạp chí Xã hội học  |g Số 3(123), 2013, tr.44-51 
920 # # |a Phòng Tạp chí -- Trung tâm Thông tin - Thư viện Trường Đại học Đà Lạt 
994 # # |a DLU 
900 # # |a True 
911 # # |a Trần Thị Minh Hương 
925 # # |a G 
926 # # |a A 
927 # # |a BB 
980 # # |a Thư viện Trường Đại học Đà Lạt